India and Asia: (Record no. 22593)

MARC details
000 -LEADER
fixed length control field 00927nam a2200253 a 4500
005 - DATE AND TIME OF LATEST TRANSACTION
control field 20060821155617.0
008 - FIXED-LENGTH DATA ELEMENTS--GENERAL INFORMATION
fixed length control field 051215s2004 ii a b 001 0 eng
010 ## - LCCN (DPL NO)
LC control number ENG-92678
020 ## - INTERNATIONAL STANDARD BOOK NUMBER
International Standard Book Number 8180641163
Terms of availability 900.00
020 ## - INTERNATIONAL STANDARD BOOK NUMBER
International Standard Book Number 9788180641168
Terms of availability 900.00
035 ## - SYSTEM CONTROL NUMBER
System control number EN-76211
037 ## - SOURCE OF ACQUISITION
Source of stock number/acquisition DBAD / PUB
040 ## - CATALOGING SOURCE
Original cataloging agency dpl
Language of cataloging English
082 ## - DEWEY DECIMAL CLASSIFICATION NUMBER
Classification number 301.295405
245 ## - TITLE STATEMENT
Title India and Asia:
Remainder of title P.C. Bagchi centenary volume /
Statement of responsibility, etc edited by B.N. Mukherjee
260 ## - PUBLICATION, DISTRIBUTION, ETC. (IMPRINT)
Place of publication, distribution, etc Kolkata
Name of publisher, distributor, etc Progressive Publishers
Date of publication, distribution, etc 2009
270 ## - ADDRESS
Address 37A, College Street,
City Kolkata
Postal code 73
300 ## - PHYSICAL DESCRIPTION
Extent 432p.
Dimensions 23cm (Hb)
650 ## - SUBJECT ADDED ENTRY--TOPICAL TERM
Topical term or geographic name as entry element Indic philology.
651 ## - SUBJECT ADDED ENTRY--GEOGRAPHIC NAME
Geographic name India
General subdivision Civilization.
655 ## - INDEX TERM--GENRE/FORM
Genre/form data or focus term Asia
General subdivision Civilization.
942 ## - ADDED ENTRY ELEMENTS (KOHA)
Source of classification or shelving scheme Dewey Decimal Classification
Item type English Books
Call number suffix IND
Classification part 301.295405
Holdings
Withdrawn status Lost status Source of classification or shelving scheme Damaged status Not for loan Collection code Home library Current library Date acquired Source of acquisition Cost, normal purchase price Total Checkouts Full call number Barcode Date last seen Copy number Cost, replacement price Koha item type
    Dewey Decimal Classification   Not For Loan Non-fiction D.B.Act.Division D.B.Act.Division 30/04/2009 DBAD / PUB 900.00   301.295405 IND EN-76211 30/04/2009 1 900.00 English Books

© Delhi Public Library
Hit Counter
free hit counter